LIBRARY & INFORMATION CENTRE, KCAET, TAVANUR

ONLINE PUBLIC ACCESS CATALOGUE (OPAC)

Nanotechnology: Integrates processing systems for ultra-precision and ultra-fine products / (Record no. 13463)

MARC details
000 -LEADER
fixed length control field 00490cam a2200169ua 4500
041 ## - LANGUAGE CODE
Language code of text/sound track or separate title eng
082 ## - DEWEY DECIMAL CLASSIFICATION NUMBER
Classification number 620.43
Item number TAN/NA
100 ## - MAIN ENTRY--AUTHOR NAME
Personal name Taniguchi, Norio .
245 00 - TITLE STATEMENT
Title Nanotechnology: Integrates processing systems for ultra-precision and ultra-fine products /
260 ## - PUBLICATION, DISTRIBUTION, ETC. (IMPRINT)
Place of publication Calcutta :
Name of publisher Oxford University Press ,
Year of publication 2008.
300 ## - PHYSICAL DESCRIPTION
Number of Pages ; .
942 ## - ADDED ENTRY ELEMENTS (KOHA)
Koha item type Books
Holdings
Withdrawn status Lost status Damaged status Home library Current library Date acquired Full call number Accession Number Koha item type
      KAUAET KAUAET 07/04/2012 620.43 22034 Books
free website counter